| 000 | 00663cam a22001934a 4500 | ||
|---|---|---|---|
| 020 | _a9789251056349 (pbk.) | ||
| 020 | _a925105634X (pbk.) | ||
| 040 | _cUKM | ||
| 082 | 0 | 4 | _a352 FOO 2006 A077 Or. |
| 245 | 0 | 0 |
_aUnderstand, analyse and manage a decentralization process : _bthe RED-IFO model and its use. |
| 260 |
_aRome : _bFood and Agriculture Organization of the United Nations, _c2006. |
||
| 300 |
_av, 156 p. : _bcol. ill. ; _c30 cm. |
||
| 490 | 0 | _aGuidelines, | |
| 650 | 0 | _aDecentralization in government. | |
| 650 | 0 | _aCivil society. | |
| 650 | 0 | _aRural development. | |
| 710 | 2 | _aFood and Agriculture Organization of the United Nations. | |
| 942 | _cEK | ||
| 999 |
_c15609 _d15609 |
||